000
00198 a2200097 4500
001
30943
100
_a
Shahabi
245
_a
Khawteen Islam
260
_a
Karachi
_b
Madina
_c
090
_c
20835
_d
20835
942
_a
NUST-CAE
_c
M
_c
12042
999
_c
266016
_d
266016